[Event "5. Marx György Chess Memorial"]
[Site "Paks HUN"]
[Date "2007.08.05"]
[Round "1.2"]
[White "Balogh, Csaba"]
[Black "Berkes, Ferenc"]
[Result "1-0"]
[WhiteElo "2568"]
[BlackElo "2597"]
[PlyCount "61"]
[EventDate "2007.08.05"]
[EventType "tourn"]
[EventRounds "10"]
[EventCountry "HUN"]
[EventCategory "14"]
[Source "lmi"]
[SourceDate "2007.08.05"]

1. e4 e5 2. Nf3 Nc6 3. Bb5 Nf6 4. d3 d6 5. O-O g6 6. c3 Bg7 7. Bg5 O-O 8. Nbd2
h6 9. Bh4 g5 10. Bg3 Nh5 11. Re1 f5 12. exf5 Nxg3 13. hxg3 Bxf5 14. d4 exd4 15.
Bxc6 bxc6 16. Nxd4 Qd7 17. Nc4 Rab8 18. Qd2 Bg4 19. Ne3 c5 20. Nc6 Qxc6 21.
Nxg4 d5 22. Re7 Rbe8 23. Rae1 Rxe7 24. Rxe7 Rf7 25. Ne5 Bxe5 26. Rxe5 Rd7 27.
Qe2 Qf6 28. Re6 Qf5 29. g4 Qb1+ 30. Kh2 Kh7 31. Qf3 1-0

[Event "5. Marx György Chess Memorial"]
[Site "Paks HUN"]
[Date "2007.08.05"]
[Round "1.3"]
[White "Acs, Peter"]
[Black "Harikrishna, Pentala"]
[Result "1-0"]
[WhiteElo "2530"]
[BlackElo "2664"]
[PlyCount "89"]
[EventDate "2007.08.05"]
[EventType "tourn"]
[EventRounds "10"]
[EventCountry "HUN"]
[EventCategory "14"]
[Source "lmi"]
[SourceDate "2007.08.05"]

1. d4 Nf6 2. c4 e6 3. Nc3 Bb4 4. Bg5 h6 5. Bh4 c5 6. d5 Bxc3+ 7. bxc3 d6 8. e3
e5 9. Qc2 Nbd7 10. Nf3 e4 11. Nd2 Qe7 12. O-O-O b5 13. cxb5 a6 14. Bg3 O-O 15.
Nc4 Ne8 16. Qa4 Qd8 17. Kc2 Rb8 18. bxa6 Ra8 19. a7 Qc7 20. Qa5 Qxa5 21. Nxa5
Rxa7 22. Nc6 Rxa2+ 23. Kb3 Ra8 24. Be2 Nb6 25. Ne7+ Kh7 26. Ra1 Rb8 27. Kc2 Rb7
28. Rhb1 Rxe7 29. Rxb6 Rb7 30. Rxb7 Bxb7 31. c4 f5 32. Rb1 Rf7 33. Rb6 Bc8 34.
Bxd6 Nxd6 35. Rxd6 Ra7 36. Bh5 Bd7 37. Bg6+ Kg8 38. Rb6 Kf8 39. d6 Ra8 40. Rb7
Be6 41. Kb3 Rd8 42. Re7 Bd7 43. Kc3 Ba4 44. Rf7+ Kg8 45. Rc7 1-0

[Event "5. Marx György Chess Memorial"]
[Site "Paks HUN"]
[Date "2007.08.06"]
[Round "2.1"]
[White "Korchnoi, Viktor"]
[Black "Harikrishna, Pentala"]
[Result "1/2-1/2"]
[WhiteElo "2610"]
[BlackElo "2664"]
[PlyCount "83"]
[EventDate "2007.08.05"]
[EventType "tourn"]
[EventRounds "10"]
[EventCountry "HUN"]
[EventCategory "14"]
[Source "lmi"]
[SourceDate "2007.08.05"]

1. d4 d5 2. c4 c6 3. Nc3 Nf6 4. e3 a6 5. Qc2 g6 6. Bd3 Bg7 7. Nf3 O-O 8. O-O
Bg4 9. Ne5 Be6 10. cxd5 Nxd5 11. Nxd5 cxd5 12. Bd2 f6 13. Nf3 Bg4 14. Qb3 Qd7
15. Rfc1 Bxf3 16. gxf3 Nc6 17. Rc5 e6 18. Rac1 Rfc8 19. Kh1 Bf8 20. R5c2 Bd6
21. Rg1 Ne7 22. f4 Rxc2 23. Qxc2 Rc8 24. Qd1 f5 25. Qb3 Kf7 26. Rc1 Rxc1+ 27.
Bxc1 h6 28. Bd2 Nc6 29. Kg2 Qe7 30. h3 Bb4 31. Bxb4 Qxb4 32. Qc2 Qd6 33. Qb3
Qc7 34. Qc2 Qb6 35. a3 Ke7 36. b4 Kd8 37. h4 Nb8 38. Qd1 Qc7 39. Qe1 Nd7 40. a4
Nf6 41. a5 Ne4 42. b5 1/2-1/2

[Event "5. Marx György Chess Memorial"]
[Site "Paks HUN"]
[Date "2007.08.06"]
[Round "2.2"]
[White "Berkes, Ferenc"]
[Black "Acs, Peter"]
[Result "1-0"]
[WhiteElo "2597"]
[BlackElo "2530"]
[PlyCount "107"]
[EventDate "2007.08.05"]
[EventType "tourn"]
[EventRounds "10"]
[EventCountry "HUN"]
[EventCategory "14"]
[Source "lmi"]
[SourceDate "2007.08.05"]

1. d4 d5 2. c4 c6 3. Nf3 Nf6 4. Nc3 a6 5. c5 Nbd7 6. Bf4 Nh5 7. g3 Nxf4 8. gxf4
b6 9. b4 bxc5 10. bxc5 Qa5 11. Rc1 Rb8 12. Qa4 Qxa4 13. Nxa4 Rb4 14. Nc3 f6 15.
e3 g6 16. h4 Bg7 17. h5 gxh5 18. f5 e6 19. fxe6 Nf8 20. Nh4 Nxe6 21. Bd3 Bf8
22. Rb1 Rxb1+ 23. Bxb1 Ng7 24. Ne2 Kf7 25. Ng3 Be7 26. Bd3 Bd7 27. Nhf5 Nxf5
28. Nxf5 h4 29. Rxh4 h5 30. Nxe7 Kxe7 31. Bxa6 Rb8 32. Kf1 Bg4 33. Kg2 Rg8 34.
Kh2 Ra8 35. Bf1 Rxa2 36. Kg3 Ra1 37. Bg2 Be2 38. f3 Ra3 39. Kf4 Ra1 40. Rxh5
Rg1 41. Rh7+ Kf8 42. Kg3 Bb5 43. Rc7 f5 44. Kf2 Rd1 45. Kg3 Rg1 46. Kf2 Rd1 47.
Bh3 f4 48. exf4 Rxd4 49. f5 Rh4 50. Kg3 Rh6 51. Bg4 d4 52. Kf4 d3 53. Rd7 Rf6
54. Bh5 1-0

[Event "5. Marx György Chess Memorial"]
[Site "Paks HUN"]
[Date "2007.08.06"]
[Round "2.3"]
[White "Hou, Yifan"]
[Black "Balogh, Csaba"]
[Result "1-0"]
[WhiteElo "2523"]
[BlackElo "2568"]
[PlyCount "63"]
[EventDate "2007.08.05"]
[EventType "tourn"]
[EventRounds "10"]
[EventCountry "HUN"]
[EventCategory "14"]
[Source "lmi"]
[SourceDate "2007.08.05"]

1. e4 c5 2. Nf3 e6 3. d4 cxd4 4. Nxd4 Nc6 5. Nc3 d6 6. Be2 Nf6 7. O-O Be7 8.
Be3 Bd7 9. Nb3 a6 10. a4 Na5 11. Nd2 O-O 12. f4 Bc6 13. Qe1 d5 14. Rd1 Bb4 15.
exd5 Nxd5 16. Nxd5 Qxd5 17. Qf2 b5 18. Nb3 Qf5 19. Nd4 Qg6 20. c3 Be7 21. b4 e5
22. fxe5 Nb7 23. Nxc6 Qxc6 24. Qf3 Qc7 25. axb5 axb5 26. Bxb5 Ra3 27. Rd7 Qxe5
28. Bd4 Qxb5 29. Rxe7 Nd8 30. Bxg7 Kxg7 31. Qf6+ Kg8 32. Re5 1-0

[Event "5. Marx György Chess Memorial"]
[Site "Paks HUN"]
[Date "2007.08.07"]
[Round "3.2"]
[White "Acs, Peter"]
[Black "Hou, Yifan"]
[Result "1-0"]
[WhiteElo "2530"]
[BlackElo "2523"]
[PlyCount "99"]
[EventDate "2007.08.05"]
[EventType "tourn"]
[EventRounds "10"]
[EventCountry "HUN"]
[EventCategory "14"]
[Source "lmi"]
[SourceDate "2007.08.05"]

1. d4 Nf6 2. c4 e6 3. Nc3 Bb4 4. Nf3 c5 5. e3 O-O 6. Bd3 d5 7. O-O Nc6 8. a3
Bxc3 9. bxc3 Qc7 10. h3 dxc4 11. Bxc4 e5 12. Ba2 Bf5 13. d5 Rad8 14. c4 e4 15.
Nh4 Bc8 16. Bb2 Qe7 17. f4 exf3 18. Qxf3 Ne5 19. Qg3 Rfe8 20. Nf5 Bxf5 21. Rxf5
Nfd7 22. Raf1 g6 23. e4 Qd6 24. R5f4 Re7 25. Bb3 Rf8 26. h4 f6 27. Ba1 Nb6 28.
h5 Nbd7 29. Ba4 Nb6 30. hxg6 hxg6 31. Bb3 Nbd7 32. Bd1 Rg7 33. Bg4 Nxg4 34.
Qxg4 Ne5 35. Qe6+ Qxe6 36. dxe6 Nc6 37. Rxf6 Re8 38. Rd1 Rge7 39. Rxg6+ Kh7 40.
Rg5 Rxe6 41. Rd3 R8e7 42. Rxc5 Rxe4 43. Bf6 R7e6 44. Rd7+ Kg6 45. Bb2 b6 46.
Rcd5 Re2 47. Bc3 Rc2 48. Rg7+ Kh6 49. Rg3 Rc1+ 50. Kh2 1-0

[Event "5. Marx György Chess Memorial"]
[Site "Paks HUN"]
[Date "2007.08.07"]
[Round "3.3"]
[White "Harikrishna, Pentala"]
[Black "Berkes, Ferenc"]
[Result "1/2-1/2"]
[WhiteElo "2664"]
[BlackElo "2597"]
[PlyCount "115"]
[EventDate "2007.08.05"]
[EventType "tourn"]
[EventRounds "10"]
[EventCountry "HUN"]
[EventCategory "14"]
[Source "lmi"]
[SourceDate "2007.08.05"]

1. d4 Nf6 2. c4 g6 3. Nc3 d5 4. cxd5 Nxd5 5. e4 Nxc3 6. bxc3 Bg7 7. Bc4 O-O 8.
Ne2 c5 9. O-O Nc6 10. Be3 Bd7 11. Rb1 Qc7 12. Bf4 Qc8 13. d5 Ne5 14. Bxe5 Bxe5
15. f4 Bg7 16. e5 Rb8 17. a4 Qc7 18. Ra1 Kh8 19. Ng3 a6 20. a5 Bb5 21. Qd3 f6
22. f5 Qxe5 23. Rae1 Bxc4 24. Qxc4 Qc7 25. Qe4 Qe5 26. Qd3 c4 27. Qxc4 Rfc8 28.
Rxe5 Rxc4 29. Rxe7 Rxc3 30. Ne4 Re3 31. Rf3 Rxf3 32. gxf3 gxf5 33. Ng3 Bf8 34.
Rf7 Kg8 35. Rxf6 Rd8 36. Rxf5 Bb4 37. Kf2 Bxa5 38. Ke3 Bb4 39. Rg5+ Kf7 40. Nh5
Bf8 41. Ke4 a5 42. Rf5+ Ke7 43. Nf4 a4 44. Ne6 Ra8 45. Nc7 Rc8 46. Nb5 Bg7 47.
d6+ Ke6 48. d7 Rd8 49. Nc7+ Ke7 50. Nd5+ Ke6 51. Nf4+ Ke7 52. Ra5 Rxd7 53. Rxa4
Kf7 54. Ra5 Re7+ 55. Kf5 Re3 56. Rb5 Rxf3 57. Rxb7+ Kg8 58. Rb8+ 1/2-1/2

[Event "5. Marx György Chess Memorial"]
[Site "Paks HUN"]
[Date "2007.08.08"]
[Round "4.3"]
[White "Berkes, Ferenc"]
[Black "Hou, Yifan"]
[Result "1/2-1/2"]
[WhiteElo "2597"]
[BlackElo "2523"]
[PlyCount "88"]
[EventDate "2007.08.05"]
[EventType "tourn"]
[EventRounds "10"]
[EventCountry "HUN"]
[EventCategory "14"]
[Source "lmi"]
[SourceDate "2007.08.05"]

1. d4 Nf6 2. c4 e6 3. Nc3 Bb4 4. e3 O-O 5. Bd3 d5 6. Nf3 c5 7. O-O Nc6 8. a3
Bxc3 9. bxc3 Qc7 10. cxd5 exd5 11. a4 Re8 12. Ba3 c4 13. Bc2 Ne4 14. Bxe4 Rxe4
15. Nd2 Re8 16. e4 dxe4 17. Nxc4 Nb4 18. Ne3 Qxc3 19. Qc1 Qxc1 20. Rfxc1 a5 21.
Bxb4 axb4 22. Rcb1 Bd7 23. a5 Ra6 24. Rxb4 b5 25. Rb2 Rea8 26. Rba2 b4 27. h4
g6 28. Kh2 Kg7 29. Kg3 h6 30. Kf4 Rf6+ 31. Kg3 Rfa6 32. d5 g5 33. Rb2 f5 34.
Nc4 Bb5 35. Rxb4 Bxc4 36. Rxc4 Rxa5 37. Rd1 Ra1 38. Rc7+ Kf6 39. Rc6+ Kf7 40.
Rxa1 Rxa1 41. Rxh6 Ra3+ 42. Kh2 gxh4 43. Rxh4 Rd3 44. g4 Rxd5 1/2-1/2

[Event "5. Marx György Chess Memorial"]
[Site "Paks HUN"]
[Date "2007.08.09"]
[Round "5.1"]
[White "Korchnoi, Viktor"]
[Black "Berkes, Ferenc"]
[Result "1-0"]
[WhiteElo "2610"]
[BlackElo "2597"]
[PlyCount "117"]
[EventDate "2007.08.05"]
[EventType "tourn"]
[EventRounds "10"]
[EventCountry "HUN"]
[EventCategory "14"]
[Source "lmi"]
[SourceDate "2007.08.05"]

1. Nf3 Nf6 2. c4 g6 3. Nc3 d5 4. cxd5 Nxd5 5. Qa4+ Nc6 6. Ne5 Ndb4 7. a3 Nc2+
8. Qxc2 Nxe5 9. d4 Nd7 10. Bf4 c6 11. Rd1 Bg7 12. g3 O-O 13. Bg2 Qa5 14. O-O e5
15. dxe5 Nxe5 16. Ne4 Bf5 17. h3 Qb5 18. g4 Bxe4 19. Bxe4 f5 20. gxf5 gxf5 21.
Bd3 Nxd3 22. Rxd3 Rae8 23. b4 Kh8 24. e3 a5 25. Rb1 axb4 26. Rxb4 Qa6 27. Rd7
b5 28. a4 Re6 29. Kh2 Rg6 30. Bg3 Qc8 31. Qd1 Qe8 32. axb5 cxb5 33. Rxb5 Qe4
34. Rd8 f4 35. exf4 Rgf6 36. Re5 Qc6 37. Re7 Rxd8 38. Qxd8+ Rf8 39. Qd3 Qg6 40.
Qd7 Bf6 41. f5 Qh5 42. Qe6 Qg5 43. Rb7 Qh6 44. Be5 Qh4 45. Bxf6+ Qxf6 46. Rb8
Kg7 47. Rxf8 Qxf8 48. Kg3 Qd8 49. Qe5+ Kf7 50. Kg4 Qd1+ 51. Kg5 Qd2+ 52. Qe3
Qd8+ 53. Kh5 Qa5 54. Qe6+ Kf8 55. Qf6+ Kg8 56. Kh6 Qc7 57. Qg5+ Kh8 58. f6 Qf4
59. f3 1-0

[Event "5. Marx György Chess Memorial"]
[Site "Paks HUN"]
[Date "2007.08.09"]
[Round "5.3"]
[White "Balogh, Csaba"]
[Black "Acs, Peter"]
[Result "0-1"]
[WhiteElo "2568"]
[BlackElo "2530"]
[PlyCount "108"]
[EventDate "2007.08.05"]
[EventType "tourn"]
[EventRounds "10"]
[EventCountry "HUN"]
[EventCategory "14"]
[Source "lmi"]
[SourceDate "2007.08.05"]

1. e4 e5 2. Nf3 Nc6 3. Bb5 a6 4. Ba4 Nf6 5. O-O Be7 6. Re1 b5 7. Bb3 d6 8. c3
O-O 9. d4 Bg4 10. d5 Na5 11. Bc2 c6 12. h3 Bc8 13. dxc6 Qc7 14. Bg5 Nc4 15. b3
Nb6 16. Qd3 Qxc6 17. Nbd2 h6 18. Bh4 Ra7 19. Rac1 Nh5 20. Nf1 Rc7 21. Bb1 f5
22. Qd1 Nf4 23. Bg3 Nxh3+ 24. gxh3 f4 25. Bh2 Bxh3 26. N1d2 g5 27. Kh1 Bf6 28.
c4 b4 29. c5 dxc5 30. Bd3 Rg7 31. Nc4 Nd7 32. Be2 Kh8 33. Ng1 Be6 34. Bg4 Bxg4
35. Qxg4 h5 36. Qxh5+ Rh7 37. Qd1 Qe6 38. f3 g4 39. fxg4 Bh4 40. Nf3 Bxe1 41.
Qxe1 Qxg4 42. Qf2 Qh5 43. Rf1 Rg8 44. Qb2 Re7 45. Ne1 Nf6 46. Rxf4 Reg7 47. Rf1
Nxe4 48. Qxe5 Ng3+ 49. Kg2 Nxf1+ 50. Kxf1 Rf8+ 51. Bf4 Qg4 52. Nd3 Qf3+ 53. Nf2
Rxf4 54. Qe8+ Rf8 0-1

[Event "5. Marx György Chess Memorial"]
[Site "Paks HUN"]
[Date "2007.08.11"]
[Round "6.2"]
[White "Berkes, Ferenc"]
[Black "Balogh, Csaba"]
[Result "1/2-1/2"]
[WhiteElo "2597"]
[BlackElo "2568"]
[PlyCount "141"]
[EventDate "2007.08.05"]
[EventType "tourn"]
[EventRounds "10"]
[EventCountry "HUN"]
[EventCategory "14"]
[Source "lmi"]
[SourceDate "2007.08.05"]

1. d4 Nf6 2. c4 e6 3. Nc3 Bb4 4. f3 d5 5. a3 Bxc3+ 6. bxc3 c5 7. cxd5 Nxd5 8.
dxc5 Qa5 9. e4 Nf6 10. Be3 O-O 11. Qb3 Nfd7 12. a4 Qc7 13. Qa3 Nc6 14. Ne2 Na5
15. Nd4 Qxc5 16. Qb4 b6 17. Bb5 Qc7 18. Be2 Ne5 19. Nb5 Qc6 20. Qd6 Qxd6 21.
Nxd6 Rd8 22. O-O-O Bd7 23. f4 Ng6 24. f5 Nf8 25. Bb5 Bxb5 26. axb5 Rd7 27. g4
Rc7 28. Kc2 Nd7 29. Bf4 e5 30. Bc1 Nb7 31. Nxb7 Rxb7 32. g5 f6 33. Rd5 Nc5 34.
Re1 Rc8 35. gxf6 gxf6 36. Bh6 Rbc7 37. Re3 Na4 38. Rg3+ Kh8 39. Rdd3 Nc5 40.
Rde3 Na4 41. h4 Nc5 42. h5 Na4 43. Ref3 Nc5 44. Rg4 Rg8 45. Rxg8+ Kxg8 46. Rg3+
Kh8 47. Rg4 Na4 48. Bd2 Nc5 49. h6 Nb7 50. Rg3 Nc5 51. Rg4 Nb7 52. Bc1 Nd6 53.
Ba3 Nc4 54. Kb3 Nxa3 55. Kxa3 Rxc3+ 56. Kb4 Rc7 57. Rg1 Rd7 58. Rc1 Kg8 59.
Rc8+ Kf7 60. Rh8 Rd4+ 61. Kc3 Rxe4 62. Rxh7+ Kg8 63. Rg7+ Kh8 64. Rf7 Ra4 65.
Rxf6 a6 66. bxa6 Rxa6 67. Kd3 Ra4 68. Rxb6 Rf4 69. Rf6 Kh7 70. Ke3 Kg8 71. Kd3
1/2-1/2

[Event "5. Marx György Chess Memorial"]
[Site "Paks HUN"]
[Date "2007.08.11"]
[Round "6.3"]
[White "Harikrishna, Pentala"]
[Black "Acs, Peter"]
[Result "1-0"]
[WhiteElo "2664"]
[BlackElo "2530"]
[PlyCount "77"]
[EventDate "2007.08.05"]
[EventType "tourn"]
[EventRounds "10"]
[EventCountry "HUN"]
[EventCategory "14"]
[Source "lmi"]
[SourceDate "2007.08.05"]

1. d4 Nf6 2. Nf3 d5 3. c4 e6 4. g3 dxc4 5. Bg2 Nc6 6. Qa4 Bb4+ 7. Bd2 Bd6 8.
O-O O-O 9. Nc3 Nb4 10. Qb5 Rb8 11. e4 Be7 12. a3 a6 13. Qxc4 b5 14. Qe2 Nc6 15.
Rfd1 b4 16. Na4 Bd7 17. axb4 Nxb4 18. Nc3 c5 19. dxc5 Bxc5 20. Bg5 Qc8 21. Bxf6
gxf6 22. e5 Bb5 23. Nxb5 Rxb5 24. exf6 Kh8 25. Rac1 Qb8 26. Nd4 Bxd4 27. Rxd4
Nd5 28. Bxd5 Rxd5 29. Rf4 Rg8 30. Rg4 Rg6 31. Rgc4 Rd8 32. Rc7 Rxf6 33. Qe5 Kg7
34. R1c4 Qb5 35. R7c5 Rd1+ 36. Kg2 Qb7+ 37. Kh3 h5 38. Rf4 Qe7 39. Qg5+ 1-0

[Event "5. Marx György Chess Memorial"]
[Site "Paks HUN"]
[Date "2007.08.12"]
[Round "7.1"]
[White "Harikrishna, Pentala"]
[Black "Korchnoi, Viktor"]
[Result "1-0"]
[WhiteElo "2664"]
[BlackElo "2610"]
[PlyCount "85"]
[EventDate "2007.08.05"]
[EventType "tourn"]
[EventRounds "10"]
[EventCountry "HUN"]
[EventCategory "14"]
[Source "lmi"]
[SourceDate "2007.08.05"]

1. d4 d5 2. c4 dxc4 3. Nf3 e6 4. e3 c5 5. Bxc4 Nf6 6. O-O a6 7. Bd3 Nc6 8. dxc5
Bxc5 9. a3 Bd6 10. h3 Ne5 11. Nxe5 Bxe5 12. Qe2 O-O 13. Nd2 b5 14. Nf3 Bd6 15.
a4 bxa4 16. Rxa4 Bb7 17. e4 Nd7 18. Be3 a5 19. Rd1 Qe7 20. Rd4 Rfd8 21. e5 Nxe5
22. Bxh7+ Kxh7 23. Nxe5 Kg8 24. Qh5 Bxe5 25. Qxe5 Rxd4 26. Rxd4 Qf6 27. Qc7 Bd5
28. Rf4 Qg6 29. Rg4 Qb1+ 30. Kh2 Qxb2 31. Bd4 Qb8 32. Rxg7+ Kf8 33. Rxf7+ Ke8
34. h4 Qxc7+ 35. Rxc7 Rb8 36. Bc3 a4 37. h5 Rb7 38. Rxb7 Bxb7 39. Bb2 Ke7 40.
g4 Kd6 41. f4 Be4 42. Kg3 Ke7 43. g5 1-0

[Event "5. Marx György Chess Memorial"]
[Site "Paks HUN"]
[Date "2007.08.12"]
[Round "7.2"]
[White "Acs, Peter"]
[Black "Berkes, Ferenc"]
[Result "1/2-1/2"]
[WhiteElo "2530"]
[BlackElo "2597"]
[PlyCount "118"]
[EventDate "2007.08.05"]
[EventType "tourn"]
[EventRounds "10"]
[EventCountry "HUN"]
[EventCategory "14"]
[Source "lmi"]
[SourceDate "2007.08.05"]

1. d4 Nf6 2. c4 g6 3. Nc3 d5 4. Nf3 Bg7 5. Qb3 dxc4 6. Qxc4 O-O 7. e4 a6 8. Be2
b5 9. Qb3 Nc6 10. e5 Be6 11. exf6 Bxb3 12. fxg7 Kxg7 13. axb3 Nxd4 14. Nxd4
Qxd4 15. O-O Qb4 16. Bf3 Qxb3 17. Nd5 e6 18. Nxc7 Rac8 19. Nxa6 Rfd8 20. Be3
Qxb2 21. Nc5 Qe5 22. Ne4 h6 23. Rfe1 f5 24. Nd2 f4 25. Bb6 Qxe1+ 26. Rxe1 Rxd2
27. g3 fxg3 28. hxg3 b4 29. Rxe6 b3 30. Re7+ Kf6 31. Rb7 b2 32. Be3 Rc1+ 33.
Kg2 b1=Q 34. Rxb1 Rxf2+ 35. Kxf2 Rxb1 36. Bxh6 g5 37. Bf8 Rb2+ 38. Be2 Kf5 39.
Be7 Rc2 40. Bd8 Ra2 41. Bb6 Ke4 42. Be3 g4 43. Bh6 Rb2 44. Bg5 Ra2 45. Bf6 Kf5
46. Bc3 Ke4 47. Be1 Kd4 48. Kf1 Ra1 49. Kf2 Ra2 50. Kf1 Ra1 51. Bxg4 Ke3 52.
Be2 Rb1 53. Bg4 Rc1 54. Be6 Rd1 55. g4 Rd6 56. Bc8 Kf3 57. Bf5 Rd4 58. Be6 Rxg4
59. Bxg4+ Kxg4 1/2-1/2

[Event "5. Marx György Chess Memorial"]
[Site "Paks HUN"]
[Date "2007.08.12"]
[Round "7.3"]
[White "Balogh, Csaba"]
[Black "Hou, Yifan"]
[Result "1-0"]
[WhiteElo "2568"]
[BlackElo "2523"]
[PlyCount "79"]
[EventDate "2007.08.05"]
[EventType "tourn"]
[EventRounds "10"]
[EventCountry "HUN"]
[EventCategory "14"]
[Source "lmi"]
[SourceDate "2007.08.05"]

1. e4 c5 2. Nf3 d6 3. Nc3 a6 4. d4 cxd4 5. Nxd4 Nf6 6. Be3 e5 7. Nf3 Be7 8. Bc4
O-O 9. O-O Nc6 10. Re1 b5 11. Bb3 Rb8 12. Bg5 Ng4 13. Bxe7 Nxe7 14. Qd2 Rb7 15.
a4 b4 16. Nd5 Be6 17. h3 Nf6 18. Nxf6+ gxf6 19. Rad1 Nc8 20. Qh6 Kh8 21. Nh4
Rg8 22. Re3 f5 23. Bxe6 fxe6 24. exf5 exf5 25. Rxe5 Rbg7 26. Rxf5 Qe7 27. Qf6
Qxf6 28. Rxf6 Rc7 29. Rd2 Kg7 30. Rf4 a5 31. Rf5 Nb6 32. Rxa5 Nc4 33. Rg5+ Kh8
34. Rxg8+ Kxg8 35. Rd4 Nxb2 36. Rxb4 Rxc2 37. Nf5 Nc4 38. a5 Nd2 39. h4 Ra2 40.
Nxd6 1-0

[Event "5. Marx György Chess Memorial"]
[Site "Paks HUN"]
[Date "2007.08.14"]
[Round "9.2"]
[White "Harikrishna, Pentala"]
[Black "Hou, Yifan"]
[Result "1/2-1/2"]
[WhiteElo "2664"]
[BlackElo "2523"]
[PlyCount "113"]
[EventDate "2007.08.05"]
[EventType "tourn"]
[EventRounds "10"]
[EventCountry "HUN"]
[EventCategory "14"]
[Source "lmi"]
[SourceDate "2007.08.05"]

1. d4 e6 2. c4 Nf6 3. Nf3 b6 4. g3 Ba6 5. Qc2 Bb7 6. Bg2 c5 7. d5 exd5 8. cxd5
Nxd5 9. O-O Be7 10. Rd1 Qc8 11. Nc3 Nxc3 12. bxc3 d5 13. Bg5 Nc6 14. Qa4 O-O
15. Rxd5 Bxg5 16. Nxg5 h6 17. Nh3 Ne7 18. Rd7 Bc6 19. Bxc6 Nxc6 20. Rd6 Qxh3
21. Qxc6 Qg4 22. Qb5 Rae8 23. Rd2 Re7 24. Rad1 Rfe8 25. e3 Qe4 26. Qe2 Qe5 27.
Rd3 Qe4 28. Rd5 Re6 29. R1d3 Qc4 30. Rd7 Qa4 31. Qd2 R6e7 32. Rxe7 Rxe7 33.
Rd8+ Kh7 34. f3 Qc6 35. Qd3+ g6 36. e4 h5 37. Qd2 Kg7 38. Rd6 Qb5 39. Kg2 Qc4
40. Rd8 Qe6 41. Rd5 Qf6 42. h4 Kh7 43. Rd6 Qe5 44. Kf2 Kg7 45. Rd5 Qe6 46. Kg2
Qf6 47. Qd3 Qc6 48. Rd8 Qa4 49. Qd2 Qc4 50. Kg1 Qe6 51. Rd6 Qe5 52. Kg2 Kh7 53.
Rd5 Qf6 54. Qg5 Qe6 55. Qf4 f5 56. Qd6 Qxd6 57. Rxd6 1/2-1/2

[Event "5. Marx György Chess Memorial"]
[Site "Paks HUN"]
[Date "2007.08.14"]
[Round "9.3"]
[White "Acs, Peter"]
[Black "Balogh, Csaba"]
[Result "1/2-1/2"]
[WhiteElo "2530"]
[BlackElo "2568"]
[PlyCount "83"]
[EventDate "2007.08.05"]
[EventType "tourn"]
[EventRounds "10"]
[EventCountry "HUN"]
[EventCategory "14"]
[Source "lmi"]
[SourceDate "2007.08.05"]

1. d4 Nf6 2. c4 c5 3. d5 b5 4. cxb5 a6 5. bxa6 g6 6. Nc3 Bxa6 7. g3 Bg7 8. Bg2
d6 9. Nf3 Nbd7 10. Rb1 O-O 11. O-O Ne8 12. Bd2 Nc7 13. b3 Bb7 14. e4 Bxc3 15.
Bxc3 Rxa2 16. Ra1 Qa8 17. Qc1 Rxa1 18. Bxa1 f6 19. Bh3 Bc8 20. Qh6 Ne5 21. Nxe5
dxe5 22. Bxc8 Qxc8 23. f4 Qg4 24. fxe5 Qxe4 25. d6 exd6 26. exf6 Ne6 27. Qd2
Nd4 28. Bxd4 Qxd4+ 29. Qxd4 cxd4 30. Rf4 Rb8 31. Rxd4 Rxb3 32. Rxd6 Kf7 33.
Rd7+ Kxf6 34. Rxh7 g5 35. Rh8 g4 36. Rf8+ Kg5 37. Rf4 Rb1+ 38. Rf1 Rb5 39. h4+
gxh3 40. Kh2 Rf5 41. Rxf5+ Kxf5 42. Kxh3 1/2-1/2

[Event "5. Marx György Chess Memorial"]
[Site "Paks HUN"]
[Date "2007.08.15"]
[Round "10.3"]
[White "Hou, Yifan"]
[Black "Berkes, Ferenc"]
[Result "1/2-1/2"]
[WhiteElo "2523"]
[BlackElo "2597"]
[PlyCount "52"]
[EventDate "2007.08.05"]
[EventType "tourn"]
[EventRounds "10"]
[EventCountry "HUN"]
[EventCategory "14"]
[Source "lmi"]
[SourceDate "2007.08.05"]

1. e4 c6 2. d4 d5 3. Nc3 dxe4 4. Nxe4 Nd7 5. Ng5 Ngf6 6. Bd3 e6 7. N1f3 Bd6 8.
Qe2 h6 9. Ne4 Nxe4 10. Qxe4 Qc7 11. O-O b6 12. Qg4 Kf8 13. b3 Bb7 14. Bb2 Nf6
15. Qh4 c5 16. dxc5 Qxc5 17. Bd4 Qa5 18. Bxf6 gxf6 19. Be4 Bxe4 20. Qxe4 Kg7
21. Rfd1 Rad8 22. Rd3 Bc7 23. Qg4+ Kh7 24. Qe4+ Kg7 25. Qg4+ Kh7 26. Qe4+ Kg7
1/2-1/2